000 00793nam a22002297a 4500
005 20250326111708.0
008 250326b |||||||| |||| 00| 0 eng d
020 _a978-1-4522-1767-3
037 _cREF
040 _aAL
_cAL
041 _2eng
_aeng
084 _aSg R4
_qAL
100 _aLeong, Frederick T. L.
_9747584
245 _aPsychology research handbook:
_bA guide for graduate students and research assistants
260 _aCalifornia, USA:
_bSage,
_c2024
300 _axxvii, 731p.
365 _b151.00
_cUSD
650 _aPsychology
700 _aAustin, James T. (Author)
_9747585
942 _2CC
_cREF
_hSg R4
_n0
999 _c1269276
_d1269276